000 00941cad a22002295a 4500
001 L143600
008 080520s2008 xxkad f s 000 0 eng d
035 _a(Sirsi) u143600
041 0 _aeng
050 0 4 _a333.33 $2 18
110 2 _aInvestment Property Databank
_92288
245 0 0 _aIPD UK monthly property index
_bend March 2008
_h[electronic resource]
260 _aLondon
_bIPD
_c2008
490 0 _aIPD UK Monthly Property Index
_vMarch 2008
520 _aThe All Property Monthly Index saw a total return of -0.8% m/m in March 2008, continuing the upward trend which began in December 2007. Income return was 0.5 and capital growth stood at -1.3.
590 _aKA NTK
650 2 4 _aIPD UK MONTHLY PROPERTY INDEX
651 4 _aUnited Kingdom
_y
690 _aPROPERTY-COMMERCIAL PROPERTY-COMMERCIAL PROPERTY MARKET
856 4 0 _uhttps://www.ipd.com/
_zView this report free of charge under indices at www.ipd.com...
942 _n0
999 _c108224
_d108224